[Event "HUN-ch (Women) B"]
[Site "Eger"]
[Date "1995.??.??"]
[Round "?"]
[White "Madl, Ildiko"]
[Black "Porubszky Angyalosine, Maria A"]
[Result "1/2-1/2"]
[WhiteElo "2405"]
[BlackElo "2225"]

1.e4 c5 2.Nf3 e6 3.d4 cxd4 4.Nxd4 a6 5.Bd3 Nc6 6.Nxc6 dxc6 7.a4 e5 8.O-O Nf6
9.Nd2 Be6 10.Nf3 Qc7 11.Ng5 Bg4 12.f3 Bc5+ 13.Kh1 Bd7 14.f4 Bd6 15.f5 h6
16.Nh3 Bc5 17.Nf2 Bxf2 18.Rxf2 c5 19.b3 Bc6 20.Qe1 O-O 21.Re2 Rfe8 22.Ba3 b6
23.a5 bxa5 24.Bxc5  1/2-1/2

[Event "Elgoibar"]
[Site "Elgoibar"]
[Date "1995.??.??"]
[Round "1"]
[White "Sion Castro, Marcelino"]
[Black "Miezis, Normunds"]
[Result "0-1"]
[WhiteElo "2375"]
[BlackElo "2435"]

1.e4 c5 2.Nf3 e6 3.d4 cxd4 4.Nxd4 a6 5.Bd3 Nc6 6.Nxc6 dxc6 7.Nd2 e5 8.Nc4 Nf6
9.O-O Qc7 10.a4 Bc5 11.Qf3 O-O 12.a5 Be6 13.Be3 Bxe3 14.Qxe3 Rad8 15.Qb6 Qb8
16.Qe3 Bxc4 17.Bxc4 Rd4 18.Bd3 Rfd8 19.Rfd1 Qd6 20.f3 Ne8 21.Rd2 c5 22.b3 Nc7
23.Re2 Ne6 24.g3 Rxd3 25.cxd3 Qxd3 26.Kf2 Qb5 27.Qc3 Rd3 28.Qxe5 h6 29.Rae1 Nd4
30.Re3 Rd2+ 31.Kg1 Qxa5 32.Qe8+ Kh7 33.Qxf7 Ra2 34.Rd1 Qa3 35.Red3 Rc2 36.Rxd4 cxd4
37.Qf5+ Kh8 38.e5 Qxb3 39.e6 Qc4 40.Qf8+  0-1

[Event "Elgoibar"]
[Site "Elgoibar"]
[Date "1995.??.??"]
[Round "3"]
[White "Iruzubieta, Jesus Maria"]
[Black "Miezis, Normunds"]
[Result "1/2-1/2"]
[WhiteElo "2385"]
[BlackElo "2505"]

1.e4 c5 2.Nf3 e6 3.d4 cxd4 4.Nxd4 a6 5.Bd3 Nc6 6.Nxc6 dxc6 7.Nd2 e5 8.Qh5 Bd6
9.Nc4 Nf6 10.Nxd6+ Qxd6 11.Qe2 Be6 12.O-O c5 13.b3 b5 14.a4 c4 15.bxc4 bxc4
16.Bxc4 Qd4 17.Bxe6 fxe6 18.Ba3 Kf7 19.Rfd1 Qxa4 20.Bb2 Qxe4 21.Rd7+ Kg6
22.Qxe4+ Nxe4 23.Bxe5 Nf6 24.Rd6 a5 25.Rxe6 Rhc8 26.Bxf6 gxf6 27.Ra2 Rc4
28.Kf1 a4 29.Ke1 Rd8 30.Re3 h5 31.Ke2 h4 32.Rd3 Re8+ 33.Kd2 Rcc8 34.Re3 Red8+
35.Ke2 Rc4 36.c3 Rd5 37.Rd3 Re4+ 38.Kd2 Rde5 39.Re3 Rd5+ 40.Kc2 Rf4 41.f3 Rdf5
42.Kd3 Rd5+ 43.Ke2 Rg5 44.Kf2 Rc5 45.g3 Rfc4 46.gxh4 Rxh4 47.Kg3 Rch5 48.Re4 Rh3+
49.Kf4 Rf5+ 50.Kg4 Rhxf3 51.Rexa4 Rxc3 52.R4a3 Rc1 53.Rg3 Rc4+ 54.Kh3+ Kh6
55.Ra8 Rh5+ 56.Kg2 Rc2+ 57.Kg1 Rg5 58.Rh8+ Kg6 59.Rg8+ Kf5 60.R8xg5+ fxg5
61.Ra3 Re2 62.Rb3 Kf4 63.Ra3 Kg4 64.Rb3 Kh4 65.Ra3 g4 66.Ra8 Rb2 67.Rh8+ Kg5
68.Rg8+ Kf4 69.Rf8+ Ke3 70.Re8+ Kf3 71.Rf8+ Ke3 72.Re8+ Kf3 73.Rf8+ Ke3  1/2-1/2

[Event "FIN-chT"]
[Site "FIN"]
[Date "1995.??.??"]
[Round "?"]
[White "Kokkila, Tero"]
[Black "Pyhala, Antti"]
[Result "1-0"]
[WhiteElo "2205"]
[BlackElo "2350"]

1.e4 c5 2.Nf3 e6 3.d4 cxd4 4.Nxd4 a6 5.Bd3 g6 6.O-O Bg7 7.Be3 Nc6 8.c3 Nge7
9.f4 O-O 10.f5 exf5 11.exf5 Nd5 12.Bf2 Nxd4 13.cxd4 d6 14.Nc3 Nf4 15.Bc2 Qg5
16.Bg3 Nh5 17.Ne4 Qd8 18.Bxd6 Re8 19.fxg6 hxg6 20.Be5 Bxe5 21.dxe5 Bf5 22.Nd6 Qb6+
23.Rf2 Rad8 24.Qd5 Be6 25.Qf3 Re7 26.Rf1 Qd4 27.Qe4 Qxe4 28.Nxe4 Bc4 29.Re1 Bxa2
30.g4 Ng7 31.Nf6+ Kf8 32.Nh7+ Kg8 33.Nf6+ Kf8 34.b3 Rd4 35.h3 Ne6 36.Ne4 Rc7
37.Re3 Rd5 38.Nc3 Rdc5 39.Bxg6 Bxb3 40.Ne4 Rc1+ 41.Kh2 R1c2 42.Nd2 R2c3 43.Rxc3 Rxc3
44.Bxf7 Ke7 45.Nxb3 Rxb3 46.g5 Rb6 47.h4 a5 48.Bxe6 Rxe6 49.Re2 b5 50.h5 Kf7
51.Kg3 Rc6 52.g6+ Kg7 53.e6 Rc8 54.e7 Re8 55.Kg4 Kf6 56.Rf2+ Kxe7 57.Re2+ Kd7
58.Rxe8 Kxe8 59.h6 Kf8 60.Kg5  1-0

[Event "FIN-chT"]
[Site "FIN"]
[Date "1995.??.??"]
[Round "?"]
[White "Nykopp, Jan Michael F"]
[Black "Kivisto, Mikko"]
[Result "0-1"]
[WhiteElo "2250"]
[BlackElo "2275"]

1.e4 c5 2.Nf3 e6 3.d4 cxd4 4.Nxd4 a6 5.Bd3 Nf6 6.O-O d6 7.c4 Bd7 8.Qe2 Nc6
9.Nxc6 Bxc6 10.b3 Be7 11.Bb2 O-O 12.Nd2 Nd7 13.Nf3 Bf6 14.Nd4 Qb6 15.Nxc6 bxc6
16.Bxf6 Nxf6 17.e5 dxe5 18.Qxe5 c5 19.Rad1 Rad8 20.Bc2 Qa5 21.Qb2 Qc7 22.g3 e5
23.Rxd8 Rxd8 24.b4 cxb4 25.Qxb4 Rb8 26.Qc3 Qc5 27.Rc1 g6 28.Qf3 Kg7 29.Bb3 Rd8
30.Rd1 Rxd1+ 31.Qxd1 Ne4 32.Qf3 Ng5 33.Qg4 Ne6 34.Qe4 Qd4 35.Qxd4 exd4 36.Kf1 Nc5
37.Ke2 Kf6 38.Bc2 h6 39.h4 a5 40.f3 g5 41.hxg5+ hxg5 42.Kd2 Ke5 43.Bh7 f5
44.Bg8 Na4 45.Kd3 Nc5+ 46.Kd2 f4 47.g4 Kd6 48.Bd5 Nd7 49.Kc2 Kc5 50.Kb3 Nb6
51.Be6 Nxc4  0-1

[Event "FIN-ch"]
[Site "FIN"]
[Date "1995.??.??"]
[Round "?"]
[White "Pyhala, Antti"]
[Black "Kiik, Kalle"]
[Result "1-0"]
[WhiteElo "2350"]
[BlackElo "2410"]

1.e4 c5 2.Nf3 e6 3.d4 cxd4 4.Nxd4 a6 5.Bd3 Qc7 6.O-O g6 7.c4 Bg7 8.Be2 d6
9.Nc3 Nf6 10.Bg5 O-O 11.Qd2 Nbd7 12.Rfd1 Ne5 13.Rac1 b6 14.Nb3 Nxc4 15.Bxc4 Qxc4
16.Nd5 exd5 17.Rxc4 dxc4 18.Qd4 cxb3 19.Bxf6 Bxf6 20.Qxf6 bxa2 21.b3 Be6
22.Qb2 a5 23.Qxa2 a4 24.Ra1 Ra5 25.h4 Rc8 26.Qb2 axb3 27.Rxa5 bxa5 28.h5 gxh5
29.f4 a4 30.f5 Bc4 31.Kh2 Re8 32.Qc1 Rc8 33.Qh6 f6 34.Qxf6 Bf7 35.Qh6 Kh8
36.Qxd6 Re8 37.e5 b2 38.Qf6+ Kg8 39.e6 Bxe6 40.fxe6 b1=Q 41.Qf7+ Kh8 42.Qxe8+ Kg7
43.Qf7+ Kh6 44.Qf8+  1-0

[Event "FIN-chT"]
[Site "FIN"]
[Date "1995.??.??"]
[Round "?"]
[White "Hartikainen, Markku"]
[Black "Kivisto, Mikko"]
[Result "1/2-1/2"]
[WhiteElo "2255"]
[BlackElo "2275"]

1.e4 c5 2.Nf3 e6 3.d4 cxd4 4.Nxd4 a6 5.Bd3 Nf6 6.O-O d6 7.c4 Bd7 8.Nc3 Nc6
9.Be3 Ne5 10.Be2 Rc8 11.f4 Nxc4 12.Bxc4 Rxc4 13.e5 Ng8 14.exd6 Bxd6 15.Nf5 Bf8
16.Re1 Nh6 17.Nxh6 gxh6 18.Qd3 Rc6 19.Bd4 Bc8 20.Ne4 Be7 21.Rad1 Rg8 22.f5 Qd5
23.Qf3 Qa5 24.fxe6 Rxe6 25.Nf6+ Bxf6 26.Rxe6+ fxe6 27.Bxf6 Qc5+ 28.Kh1 Qc6
29.Qe2 Bd7 30.Bh4 Qb5 31.Qd2 Qd5 32.Qxd5 exd5 33.Rxd5 Rg4  1/2-1/2

[Event "Frydek-Mistek op"]
[Site "Frydek-Mistek"]
[Date "1995.??.??"]
[Round "?"]
[White "Blees, Albert"]
[Black "Votava, Petr"]
[Result "1-0"]
[WhiteElo "2410"]
[BlackElo "2305"]

1.e4 c5 2.Nf3 e6 3.d4 cxd4 4.Nxd4 a6 5.Bd3 Ne7 6.O-O Nbc6 7.Nb3 d5 8.Nc3 dxe4
9.Bxe4 Qxd1 10.Rxd1 f5 11.Bf3 g6 12.Na4 Bg7 13.Nb6 Rb8 14.c3 Kf7 15.Nc5 Ne5
16.Be2 Re8 17.Bf4 h6 18.Nxc8 Rexc8 19.Bxe5 Bxe5 20.Nd7 Bf6 21.Nxb8 Rxb8 22.Rd7 b5
23.a3 a5 24.Ra7 b4 25.Rc1 Bg5 26.Rd1 bxc3 27.bxc3 Rb3 28.Rxa5 Rxc3 29.Ra7 Kf6
30.g3 Bc1 31.Rd3 Rc5 32.Rdd7 Nd5 33.f4 Nxf4 34.gxf4 Bxf4 35.Ra4 Bxh2+ 36.Kf2 f4
37.Re4 Bg3+ 38.Kf3 Rc6 39.Rc4  1-0

[Event "Frydek-Mistek op"]
[Site "Frydek-Mistek"]
[Date "1995.??.??"]
[Round "?"]
[White "Blees, Albert"]
[Black "Svobodova, Michaela"]
[Result "1-0"]
[WhiteElo "2410"]
[BlackElo "2120"]

1.e4 c5 2.Nf3 e6 3.d4 cxd4 4.Nxd4 a6 5.Bd3 g6 6.O-O Bg7 7.Nf3 Ne7 8.c4 O-O
9.Nc3 d5 10.exd5 exd5 11.Bg5 dxc4 12.Bxc4 Qc7 13.Qe2 Nbc6 14.Rfe1 Bg4 15.Bxe7 Bxf3
16.Qxf3 Nxe7 17.Bb3 Nf5 18.Nd5 Qd8 19.Rad1 Qg5 20.Re4 Rae8 21.Rg4 Qd2 22.Ne3 Rxe3
23.fxe3 Qxe3+ 24.Qf2 Re8 25.Qxe3 Nxe3 26.Rf4 Nxd1 27.Bxf7+ Kh8 28.Bxe8 Nxb2
29.Bd7 Nd3 30.Re4 Bf6 31.Kf1 Kg7 32.Re8 b5 33.Ra8 Nb4 34.Be6 Bb2 35.Ra7+ Kf6
36.Bc8 Nxa2 37.Rxa6+ Ke5 38.Rxa2 Bc3 39.Ke2 b4 40.Kd3 Kd5 41.Re2  1-0

[Event "Troll Masters"]
[Site "Gausdal"]
[Date "1995.??.??"]
[Round "1"]
[White "Ernst, Thomas"]
[Black "Voskanian, Vahagn"]
[Result "1/2-1/2"]
[WhiteElo "2465"]
[BlackElo "2365"]

1.e4 c5 2.Nf3 e6 3.d4 cxd4 4.Nxd4 a6 5.Bd3 Nf6 6.O-O Qc7 7.Qe2 d6 8.c4 Be7
9.Nc3 Nc6 10.Be3 Ne5 11.Rac1 Bd7 12.b3 Neg4 13.Bd2 d5 14.Nf3 dxe4 15.Nxe4 Bc6
16.h3 Ne5 17.Nxf6+ Bxf6 18.Be4 O-O 19.Bf4 Bxe4 20.Qxe4 Nxf3+ 21.Qxf3 e5 22.Be3 Be7
23.Rfd1 Rad8  1/2-1/2

[Event "Gausdal Int"]
[Site "Gausdal"]
[Date "1995.??.??"]
[Round "7"]
[White "Djurhuus, Rune"]
[Black "Emms, John M"]
[Result "1-0"]
[WhiteElo "2495"]
[BlackElo "2500"]

1.e4 c5 2.Nf3 e6 3.d4 cxd4 4.Nxd4 a6 5.Bd3 Qb6 6.Nb3 Qc7 7.O-O Nf6 8.f4 d6
9.a4 b6 10.Nc3 Bb7 11.Qe1 Nbd7 12.Qg3 g6 13.Be3 Be7 14.Rad1 d5 15.e5 Ne4
16.Bxe4 dxe4 17.Nd2 f5 18.exf6 Nxf6 19.Qh3 Kf7 20.Bd4 Rad8 21.Bxf6 Qc5+ 22.Kh1 Bxf6
23.Ndxe4 Rxd1 24.Rxd1 Bxe4 25.Nxe4 Qxc2 26.Re1 Qxb2 27.Ng5+ Bxg5 28.Qxe6+ Kg7
29.Qd7+ Kh6 30.Qh3+ Kg7 31.Qd7+ Kh6 32.fxg5+ Kxg5 33.Qe7+ Kh6 34.Qh4+ Kg7
35.Qe7+ Kh6 36.h3 Rc8 37.Kh2 Rc4 38.Rf1 Rc5 39.Qf8+ Kh5 40.Qf3+ Kh6 41.Qf8+ Kh5
42.Rf4 Qd2 43.Re4 Rc6 44.Re5+ g5 45.Qf3+  1-0

[Event "Peer Gynt"]
[Site "Gausdal"]
[Date "1995.??.??"]
[Round "9"]
[White "Sulskis, Sarunas"]
[Black "Emms, John M"]
[Result "1-0"]
[WhiteElo "2470"]
[BlackElo "2500"]

1.e4 c5 2.Nf3 e6 3.d4 cxd4 4.Nxd4 a6 5.Bd3 Qb6 6.Nb3 Qc7 7.O-O Nf6 8.f4 d6
9.a4 b6 10.Nc3 Be7 11.e5 Nfd7 12.exd6 Bxd6 13.Ne4 Be7 14.f5 e5 15.Qg4 Kf8
16.Bg5 f6 17.Be3 Nc6 18.Rf3 Nb4 19.Rg3 Rg8 20.Bh6 Nxd3 21.Bxg7+ Ke8 22.cxd3 Qc2
23.Qh5+ Kd8 24.Qf7 Re8 25.Nxf6  1-0

[Event "GER-ch U20 qual1"]
[Site "?"]
[Date "1995.??.??"]
[Round "6"]
[White "Kuehn, Peter"]
[Black "Kitte, Sebastian"]
[Result "0-1"]
[WhiteElo "2240"]
[BlackElo "2220"]

1.e4 c5 2.Nf3 e6 3.d4 cxd4 4.Nxd4 a6 5.Bd3 Bc5 6.Nb3 Ba7 7.Qe2 Nc6 8.Be3 d6
9.c4 Bxe3 10.Qxe3 Nf6 11.Nc3 O-O 12.O-O Ne5 13.Rac1 Bd7 14.Rfd1 Qc7 15.Ne2 Rac8
16.h3 Bc6 17.Nc3 Qb8 18.f4 Ng6 19.a4 b6 20.Nd4 Ba8 21.Nde2 Qb7 22.Rc2 Rfd8
23.Rcd2 Re8 24.Qf2 Qc7 25.b4 Rcd8 26.g4 d5 27.cxd5 exd5 28.e5 Ne4 29.Bxe4 dxe4
30.Rd6 e3 31.Qxe3 Rxd6 32.exd6 Qc6 33.Qg3 Rxe2 34.Nxe2 Qh1+ 35.Kf2 Qxd1 36.f5 Nf8
37.f6 gxf6 38.Qf4 Qa1 39.Nd4 Qb2+ 40.Kf1 Qg2+ 41.Ke1 Qe4+ 42.Qxe4 Bxe4 43.Kf2 Nd7  0-1

[Event "BL2-N9495"]
[Site "Germany"]
[Date "1995.??.??"]
[Round "?"]
[White "Schramm, Christian"]
[Black "Pritchett, Craig William"]
[Result "0-1"]
[WhiteElo "2265"]
[BlackElo "2360"]

1.e4 c5 2.Nf3 e6 3.d4 cxd4 4.Nxd4 a6 5.Bd3 Nf6 6.Qe2 d6 7.O-O Be7 8.Nc3 O-O
9.Bd2 Bd7 10.Rae1 Nc6 11.Nxc6 Bxc6 12.Kh1 b5 13.f4 b4 14.Nd1 d5 15.e5 Ne4
16.Nf2 Nxf2+ 17.Rxf2 g6 18.f5 exf5 19.e6 Ra7 20.Bh6 Bh4 21.g3 Re8 22.Qf3 Bg5
23.Bxg5 Qxg5 24.exf7+ Rxf7 25.Rxe8+ Bxe8 26.Qxd5 Qf6 27.Qb3 Kg7 28.h3 Bc6+
29.Kh2 h5 30.Qxb4 Rb7 31.Qc5 Rxb2 32.Re2 Rb1 33.g4 hxg4 34.Re7+ Kh6 35.Qe3+ f4  0-1

[Event "BL2-N9495"]
[Site "Germany"]
[Date "1995.??.??"]
[Round "?"]
[White "Stolz, Mike"]
[Black "Rahls, Peter"]
[Result "1-0"]
[WhiteElo "2265"]
[BlackElo "2205"]

1.e4 c5 2.Nf3 e6 3.d4 cxd4 4.Nxd4 a6 5.Bd3 d6 6.O-O Nf6 7.Qe2 e5 8.Nf5 Bxf5
9.exf5 Nc6 10.Nc3 d5 11.Bg5 Be7 12.Rad1 O-O 13.Bc4 d4 14.Bxf6 Bxf6 15.Ne4 b5
16.Bb3 Rc8 17.Rd3 Na5 18.Rfd1 Nxb3 19.axb3 Rc6 20.Rg3 Re8 21.Rdd3 Kf8 22.Rh3 h6
23.g4 Bg5 24.Rh5 f6 25.h4 Bf4 26.g5 Re7 27.Rf3 Qc8 28.gxf6 gxf6 29.c3 Rg7+
30.Kh1 Kf7 31.Rxf4 exf4 32.Qf3 dxc3 33.bxc3 Qd7 34.Rxh6 Ke7 35.Rg6 Rh7 36.Qxf4 Qd1+
37.Kh2 Qh5 38.Rg4 Kf8 39.Ng3 Qe8 40.Qd4 Rhc7 41.Rg6 Rf7 42.h5 Qe7 43.h6 Rd6
44.Qg4 Qe1 45.Rg8+ Ke7 46.Qf3 Rd2 47.Qb7+ Rd7 48.Qb6 Rd6 49.Qc7+ Rd7 50.Qc5+ Rd6
51.Kg2 Qe5 52.Qa7+ Rd7 53.Qxa6 Qd5+ 54.Kh2 Qxb3 55.Qc8 Kd6 56.Re8 Rfe7 57.Qb8+ Kc6
58.Qc8+ Kb6 59.Rxe7 Rxe7 60.Qd8+ Rc7 61.h7  1-0

[Event "BL2-S9495"]
[Site "Germany"]
[Date "1995.??.??"]
[Round "?"]
[White "Carstens, Andreas"]
[Black "Schneider, Bernd"]
[Result "0-1"]
[WhiteElo "2325"]
[BlackElo "2290"]

1.e4 c5 2.Nf3 e6 3.d4 cxd4 4.Nxd4 a6 5.Bd3 Qc7 6.O-O Nf6 7.Nc3 Bc5 8.Nb3 Ba7
9.Kh1 Nc6 10.f4 d6 11.a3 Bd7 12.Qe2 Rd8 13.g4 h6 14.Bd2 Nd4 15.Nxd4 Bxd4
16.Rae1 Bc6 17.Kg2 d5 18.e5 Bxc3 19.bxc3 Ne4 20.Bxe4 dxe4 21.Bc1 Bb5 22.Qe3 Bxf1+
23.Rxf1 h5 24.g5 g6 25.a4 Qc6 26.Ba3 Rd2+ 27.Kg1 Rxc2 28.Rd1 Rxc3 29.Qa7 e3
30.Qb8+ Qc8 31.Qd6 Qc7 32.Qb4 h4 33.h3 Rc4 34.Qb3 Rc2 35.Qb4 a5 36.Qb5+ Qc6
37.Qxc6+ bxc6 38.Rb1 Kd7 39.Rb7+ Kc8 40.Ra7 Kb8 41.Rd7 c5 42.Kf1 Kc8  0-1

[Event "BL9495 (Women)"]
[Site "Germany"]
[Date "1995.??.??"]
[Round "203"]
[White "Barthel, Bergit"]
[Black "Mueller, Andrea"]
[Result "1-0"]
[WhiteElo "2080"]
[BlackElo "2085"]

1.e4 c5 2.Nf3 e6 3.d4 cxd4 4.Nxd4 a6 5.Bd3 Nf6 6.O-O Qc7 7.Qe2 d6 8.c4 b6
9.Nc3 Bb7 10.Bg5 Nbd7 11.Rac1 Be7 12.Bb1 Rc8 13.b3 O-O 14.Kh1 Qc5 15.Be3 Qh5
16.f3 d5 17.cxd5 exd5 18.Nf5 Ba3 19.e5 Nxe5 20.Bd4 Bxc1 21.Qxe5 Rce8 22.Qg3 Qg5
23.Bxf6 gxf6 24.Rxc1 Qxg3 25.hxg3 Re5 26.Kg1 Rd8 27.Rd1 Bc8 28.Nd4 Re3 29.Na4 b5
30.Nc5 Rc3 31.b4 Kg7 32.Kf2 Re8 33.Bd3 Ra3 34.Rd2 Rc3 35.Nf5+ Bxf5 36.Bxf5 Rc4
37.a3 Rc3 38.Nxa6 Rxa3 39.Nc7 Re5 40.Rxd5 Ra2+ 41.Kg1 Rxd5 42.Nxd5 Rd2 43.Ne3 Re2
44.Nc2 Rd2 45.f4 h6 46.Kf1 Kf8 47.Be4 Rd1+ 48.Ke2 Rb1 49.Bc6 Rb2 50.Kd2 Rb3
51.Bxb5 Rxg3 52.Ne3 h5 53.Bc6 h4 54.b5 h3 55.gxh3 Rxh3 56.b6 Ke7 57.b7 Rh8
58.Bf3 Kd7 59.Nd5 f5 60.Nb4  1-0

[Event "BL9495 (Women)"]
[Site "Germany"]
[Date "1995.??.??"]
[Round "203"]
[White "Micic, Jordanka"]
[Black "Jahn, Constanze"]
[Result "0-1"]
[WhiteElo "2345"]
[BlackElo "2235"]

1.e4 c5 2.Nf3 e6 3.d4 cxd4 4.Nxd4 a6 5.Bd3 Nc6 6.Nxc6 dxc6 7.O-O e5 8.f4 Bc5+
9.Kh1 Nf6 10.f5 h5 11.Bg5 Qb6 12.Bxf6 gxf6 13.b3 Bd7 14.a4 a5 15.Nd2 Ke7
16.Qe1 Bb4 17.Rd1 Rag8 18.Rf3 Rg4 19.Bf1 Qc5 20.Rd3 Qxc2 21.Qe2 Bc8 22.h3 Rgg8
23.Nc4 Qxe2 24.Bxe2 Bc5 25.Nxa5 Bd4 26.b4 h4 27.Nb3 Bf2 28.a5 Rd8 29.Rxd8 Rxd8
30.Rxd8 Kxd8 31.Bc4 Be1 32.Bxf7 Bxb4 33.g3 hxg3 34.h4 Ke7 35.Bc4 Bd7 36.h5 Kf8
37.Kg2 Kg7 38.Be6 Be8 39.Bc8 Bf7 40.Be6 Bxh5 41.Kxg3 Bf7 42.Kf3 Bxe6 43.fxe6 Kf8
44.Ke3 Ke7 45.Kd3 Kxe6 46.Kc4 Be7 47.Kd3 f5 48.Nd2 Bb4 49.Nc4 fxe4+ 50.Kxe4 Be1
51.a6 bxa6 52.Nxe5 c5 53.Nd3 Bb4 54.Nb2 a5 55.Na4 Kd6 56.Kd3 Kd5 57.Nb2 Be1
58.Nc4 Kc6 59.Ke2 Bb4 60.Kd3 a4 61.Kc2 Be1 62.Na3 Kd5 63.Kd3 Bb4 64.Nc4 a3
65.Ne3+ Ke5 66.Nc4+ Ke6 67.Kc2 Kd5 68.Nb6+ Kc6 69.Nc4 Kb5 70.Nd6+ Ka4 71.Nc4 Be1
72.Nb6+ Kb5 73.Nd5 c4 74.Kb1 Kc5 75.Ne3 Kb5 76.Nc2 Bb4 77.Ne3 Bc5 78.Nd5 Ka4
79.Ka2 Bd4 80.Nf4 c3 81.Ne2 c2 82.Nc3+ Kb4  0-1

[Event "BL9596 (Women)"]
[Site "Germany"]
[Date "1995.??.??"]
[Round "?"]
[White "Guenther, Anetta"]
[Black "Eckhardt, Claudia"]
[Result "1-0"]
[WhiteElo "2040"]
[BlackElo "2180"]

1.e4 c5 2.Nf3 e6 3.d4 cxd4 4.Nxd4 a6 5.Bd3 Qc7 6.O-O Nf6 7.Be3 Be7 8.c4 O-O
9.Nc3 Nc6 10.Qe2 d6 11.f4 Nd7 12.Rad1 Bf6 13.Nf3 b6 14.Bb1 Rd8 15.Qd3 Nf8
16.Ne2 Rb8 17.Ned4 Bb7 18.Qe2 Nxd4 19.Nxd4 Ba8 20.Kh1 Rbc8 21.b3 Nd7 22.Qg4 Nc5
23.f5 e5 24.Ne2 b5 25.Ng3 bxc4 26.Nh5 Kf8 27.Bh6 Ke7 28.Bxg7 Bxg7 29.Qxg7 Rg8
30.f6+ Ke6 31.Qxh7 Kd7 32.Qxf7+ Kc6 33.Qxc4 Kb6 34.b4 Nxe4 35.Qe2 Qc6 36.Bxe4 Qxe4
37.Qxe4 Bxe4 38.Ng3 d5 39.Nxe4 dxe4 40.Rd2 e3 41.Re2 Rc3 42.g3 Kb5 43.Kg2 Kxb4
44.Kf3 Rf8 45.Ke4 Kc5 46.Kxe5 Re8+ 47.Kf5 Kd4 48.Rd1+ Rd3 49.Rde1 Rc3 50.Kg6 Rc6
51.Rd1+  1-0

[Event "BL2-S9495"]
[Site "Germany"]
[Date "1995.??.??"]
[Round "?"]
[White "Schlindwein, Rolf"]
[Black "Bosbach, Gerhard"]
[Result "0-1"]
[WhiteElo "2385"]
[BlackElo "2265"]

1.e4 c5 2.Nf3 e6 3.d4 cxd4 4.Nxd4 a6 5.Bd3 Bc5 6.Nb3 Ba7 7.Qe2 Nc6 8.Nc3 d6
9.Be3 Nf6 10.Rd1 O-O 11.O-O Bxe3 12.Qxe3 Qc7 13.Be2 b5 14.Rd2 Bb7 15.Rfd1 Rfd8
16.a3 b4 17.axb4 Nxb4 18.f4 Rac8 19.Bf3 d5 20.e5 Nd7 21.Nd4 Nb6 22.Be2 Nc4
23.Bxc4 dxc4 24.f5 Qe7 25.Qg3 Kh8 26.Rf2 Rg8 27.Rdf1 Nc6 28.Nce2 exf5 29.Rxf5 Nxd4
30.Nxd4 Bd5 31.Rh5 h6 32.Nf5 Qc5+ 33.Kh1 Kh7 34.Qh4 Rc6 35.Ne7 Rg6 36.Nxg6 fxg6
37.Rg5 Qe3 38.Rg3 Qe2 39.Rg1 Rf8 40.Qd4 Be4 41.Qd1 Qf2 42.Rc3 Rf5 43.e6 Rg5
44.Rf3 Rxg2 45.Rxg2 Bxf3 46.Qg1 Qe2  0-1

[Event "BL9596 (Women)"]
[Site "Germany"]
[Date "1995.??.??"]
[Round "?"]
[White "Schumacher, Britta"]
[Black "Steinbacher, Claudia"]
[Result "1/2-1/2"]
[WhiteElo "2085"]
[BlackElo "2030"]

1.e4 c5 2.Nf3 e6 3.d4 cxd4 4.Nxd4 a6 5.Bd3 Nf6 6.O-O Qc7 7.c4 Be7 8.Nc3 Nc6
9.Nxc6 bxc6 10.f4 Bc5+ 11.Kh1 d6 12.Qf3 e5 13.Ne2 Ng4 14.f5 h5 15.Ng1 g6
16.Nh3 gxf5 17.exf5 f6 18.Be4 Bb7 19.b4 Bd4 20.Rb1 Rd8 21.Qe2 d5 22.Bc2 Kf7
23.Bb2 Rde8 24.Bb3 Be3 25.Bc1 d4 26.c5+ Kg7 27.Rf3 Bc8 28.Bc2 d3 29.Bxd3 Bxc1
30.Rxc1 e4 31.Rg3 exd3 32.Qxd3 Kf8 33.Rf1 Qe5 34.Nf4 Bxf5 35.Ng6+ Bxg6 36.Qxg6 Rh6
37.Qd3 Qd5 38.Qxa6 Qd4 39.Rgf3 Rg6 40.Qxc6 Nf2+ 41.Kg1 Nh3+ 42.Kh1 Nf2+ 43.Kg1 Nh3+
44.Kh1 Nf2+  1/2-1/2

[Event "BL9495 (Women)"]
[Site "Germany"]
[Date "1995.??.??"]
[Round "202"]
[White "Guenther, Anetta"]
[Black "Mueller, Andrea"]
[Result "1/2-1/2"]
[WhiteElo "2160"]
[BlackElo "2085"]

1.e4 c5 2.Nf3 e6 3.d4 cxd4 4.Nxd4 a6 5.Bd3 Nc6 6.Nxc6 bxc6 7.O-O d5 8.c4 Nf6
9.Nc3 Bb7 10.cxd5 cxd5 11.Qa4+ Qd7 12.Qxd7+ Kxd7 13.Rd1 Bd6 14.Bc2 dxe4 15.Bf4 Nd5
16.Bxd6 Kxd6 17.Bxe4 Rhd8 18.Rd2 Ke7 19.Bf3 Nxc3 20.Rxd8 Rxd8 21.Bxb7 Nxa2
22.Bxa6 Nb4 23.Bb5 Rd2 24.b3 Rb2 25.Bc4 Nc6 26.h3 Kf6 27.Rd1 Na5 28.Rd3 Nxc4
29.bxc4 Rc2 30.Rf3+ Ke7 31.Rf4 f6 32.Rh4 h6 33.g3 Kd6 34.Rd4+ Kc6 35.Rd8 Rxc4
36.Rg8 Kd6 37.Rxg7 h5 38.Rh7 Rc5 39.Kg2 Rg5 40.Rf7 Rg6 41.h4 Rh6  1/2-1/2

[Event "Landesliga N9596 Bayern"]
[Site "Germany"]
[Date "1995.??.??"]
[Round "?"]
[White "Palek, Miroslav"]
[Black "Bunk, Karsten"]
[Result "0-1"]
[WhiteElo "2205"]
[BlackElo "2110"]

1.e4 c5 2.Nf3 e6 3.d4 cxd4 4.Nxd4 a6 5.Bd3 Nc6 6.Nxc6 dxc6 7.Bf4 Qf6 8.Qc1 e5
9.Bg3 Bc5 10.Nd2 Ne7 11.Nf3 Ng6 12.h4 Bg4 13.Qg5 Bxf3 14.Qxf6 gxf6 15.gxf3 h5
16.Ke2 Ke7 17.c3 Rad8 18.b4 Bxf2 19.Bh2 Bxh4 20.a4 Bg5 21.b5 Rd7 22.bxa6 bxa6
23.Bxa6 Rd2+ 24.Kf1 Be3 25.Bg3 Nf4 26.a5 Rg8 27.Bxf4 exf4 28.Bc4 h4 29.a6 h3
30.a7 h2 31.Ke1 Rg1+ 32.Bf1 Rxh1 33.a8=Q Rxf1+  0-1

[Event "BL2-S9495"]
[Site "Germany"]
[Date "1995.??.??"]
[Round "?"]
[White "Velicka, Petr"]
[Black "Klebel, Martin"]
[Result "1/2-1/2"]
[WhiteElo "2415"]
[BlackElo "2420"]

1.e4 c5 2.Nf3 e6 3.d4 cxd4 4.Nxd4 a6 5.Bd3 g6 6.c4 Bg7 7.Nc2 Ne7 8.Nc3 O-O
9.Be3 d5 10.Bd4 Nbc6 11.Bxg7 Kxg7 12.cxd5 exd5 13.O-O dxe4 14.Bxe4 Qxd1 15.Rfxd1 Bg4
16.f3 Bf5 17.Ne3 Bxe4 18.Nxe4 Rfd8 19.Nc5 b5 20.Rxd8 Rxd8 21.Rd1 Rxd1+ 22.Nxd1 a5
23.Kf2 f5 24.g3 Nd5 25.Ne3 Nb6 26.f4  1/2-1/2

[Event "BL2-W9495"]
[Site "Germany"]
[Date "1995.??.??"]
[Round "?"]
[White "Kotter, Ralf"]
[Black "Wolf, Volker"]
[Result "0-1"]
[WhiteElo "2265"]
[BlackElo "2310"]

1.e4 c5 2.Nf3 e6 3.d4 cxd4 4.Nxd4 a6 5.Bd3 Bc5 6.Nb3 Ba7 7.O-O Nc6 8.c4 d6
9.Nc3 Nf6 10.Bg5 h6 11.Bf4 e5 12.Be3 Bxe3 13.fxe3 Be6 14.Nd5 Bxd5 15.exd5 Ne7
16.Nd2 Nd7 17.Qf3 O-O 18.g4 Nc5 19.Bc2 a5 20.Rf2 Ng6 21.Qf5 Qe7 22.Ne4 Rac8
23.Raf1 Nxe4 24.Qxe4 Rc7 25.b3 Qe8 26.a4 Re7 27.h4 h5 28.gxh5 f5 29.Rxf5 Rxf5
30.Qxf5 Nf8 31.Qxf8+ Qxf8 32.Bh7+ Kxh7 33.Rxf8 e4 34.Kg2 Re5 35.Kg3 Rxh5
36.Re8 Rf5 37.Rxe4 Rf1 38.Re7 b5 39.cxb5 Rb1 40.b6 Rxb3 41.b7 Kg6 42.Kf4 Rb4+
43.e4 Kh6 44.Kf5 Kh5 45.Rxg7 Kxh4 46.e5 dxe5 47.Kxe5  0-1

[Event "BL2-W9495"]
[Site "Germany"]
[Date "1995.??.??"]
[Round "?"]
[White "Holzke, Frank"]
[Black "Kalka, Arkadius Georg"]
[Result "1-0"]
[WhiteElo "2380"]
[BlackElo "2325"]

1.e4 c5 2.Nf3 e6 3.d4 cxd4 4.Nxd4 a6 5.Bd3 Nf6 6.O-O Qc7 7.Qe2 d6 8.c4 b6
9.Nc3 Be7 10.Nf3 Nbd7 11.Bf4 Bb7 12.Rfe1 O-O 13.Qc2 Ne5 14.Nxe5 dxe5 15.Bg5 Rad8
16.Rad1 h6 17.Bxf6 Bxf6 18.b4 Be7 19.a3 Rd4 20.Ne2 Rd7 21.Nc1 a5 22.Qc3 Rfd8
23.Nb3 axb4 24.axb4 Bxb4 25.Qxb4 Rxd3 26.Rxd3 Rxd3 27.c5 bxc5 28.Nxc5 Rd4
29.Qxb7 Qxc5 30.Qb3 Qd6 31.g3 Rd3 32.Qa4 Kh7 33.Qa7 Kg6 34.Re3 Rd1+ 35.Kg2 Qd4
36.Qe7 Rd2 37.Rf3 f6 38.Rxf6+  1-0

[Event "Verbandsliga N9495 Baden"]
[Site "Germany"]
[Date "1995.??.??"]
[Round "?"]
[White "Schmall, Juergen"]
[Black "Fronczek, Bohdan"]
[Result "1-0"]
[WhiteElo "2350"]
[BlackElo "2205"]

1.e4 c5 2.Nf3 e6 3.d4 cxd4 4.Nxd4 a6 5.Bd3 Nf6 6.Nc3 Qc7 7.O-O Be7 8.Kh1 O-O
9.f4 d6 10.a4 b6 11.Qe2 Nbd7 12.g4 Nc5 13.g5 Nfd7 14.f5 Bb7 15.Bd2 exf5 16.Nxf5 Ne5
17.b4 Nexd3 18.cxd3 Nb3 19.Nd5 Bxd5 20.exd5 Nxd2 21.Qxd2 Rfe8 22.Rac1 Qd8
23.Rce1 Bf8 24.Nd4 Re5 25.Qf4 Qe8 26.Re4 g6 27.Nc6 Rxe4 28.dxe4 Bg7 29.Qg4 Be5
30.h4 Kg7 31.h5 h6 32.hxg6 fxg6 33.gxh6+ Kxh6 34.Qe6 Qxe6 35.dxe6 Re8 36.e7 Kg7
37.Kg2 b5 38.a5 Rc8 39.Nd8 Rc2+ 40.Rf2 Rxf2+ 41.Kxf2  1-0

[Event "Oberliga Ost C9495"]
[Site "Germany"]
[Date "1995.??.??"]
[Round "?"]
[White "Koglin, Anke"]
[Black "Wege, Jochen"]
[Result "1/2-1/2"]
[WhiteElo "2225"]
[BlackElo "2200"]

1.e4 c5 2.Nf3 e6 3.d4 cxd4 4.Nxd4 a6 5.Bd3 Nf6 6.O-O d6 7.c4 Be7 8.Nc3 O-O
9.b3 Qc7 10.Bb2 b6 11.Qe2 Bb7 12.Rad1 Nbd7 13.Bb1 Rfe8 14.f4 Bf8 15.Nf3 Rac8
16.Kh1 Qb8 17.Rde1 g6 18.e5 Nh5 19.Ng5 Bg7 20.Nd1 Nf8 21.f5 exf5 22.Bxf5 Rc7
23.Bg4 Nf6 24.e6 Nxg4 25.exf7+ Rxf7 26.Rxf7 Ne5 27.Rff1 Bc6 28.Ne4 Qd8 29.Qd2 Re6
30.Ndf2 Qh4 31.Qg5 Qxg5 32.Nxg5 Re7 33.Bxe5 dxe5 34.Nfe4 Nd7 35.Nf3 Bh6 36.Nc3 e4
37.Nd5 Bxd5 38.cxd5 Nc5 39.Nd4 e3 40.Ne2 Nd3 41.Rb1 Rd7 42.Kg1 Nf2 43.Rbc1 Rxd5
44.Rc8+ Kg7 45.Rc7+ Kg8 46.Rc8+ Bf8 47.Re8 Rd2 48.Nc3 Kg7 49.Rxe3 Bc5 50.Rf3 Nh3+
51.Kh1 Nf2+ 52.Kg1 Nh3+  1/2-1/2

[Event "Wuerttemberg-ch"]
[Site "Germany"]
[Date "1995.??.??"]
[Round "1"]
[White "Zeller, Frank"]
[Black "Melcher, Wolfgang"]
[Result "1-0"]
[WhiteElo "2350"]
[BlackElo "2225"]

1.e4 c5 2.Nf3 e6 3.d4 cxd4 4.Nxd4 a6 5.Bd3 Nc6 6.Nxc6 bxc6 7.O-O d5 8.c4 dxe4
9.Bxe4 Qxd1 10.Rxd1 Bb7 11.Be3 Nf6 12.Bf3 Nd7 13.Nd2 Ne5 14.Be4 f5 15.Bd4 Nxc4
16.Nxc4 fxe4 17.Na5 O-O-O 18.Rac1 Rd6 19.Nc4 Rd5 20.Nb6+ Kc7 21.Nxd5+ exd5
22.f3 exf3 23.Rf1 fxg2 24.Rf7+ Kb8 25.Be5+ Ka8 26.Rc3 a5 27.a3 a4 28.Rf4 Ba6
29.Rxc6 Kb7 30.Rc7+ Kb6 31.Kxg2 Bc5 32.Rxg7 Re8 33.Bd4 Bd3 34.Bxc5+ Kxc5
35.Rxa4 Re2+ 36.Kg3 Rxb2 37.Rc7+ Kd6 38.Rc3 Be4 39.h3 Ke5 40.Rc8 Rg2+ 41.Kh4 Kf4
42.Rb4 Ra2 43.a4 Ra3 44.Rg8 Ra1 45.Rg3 Ra2 46.Rg4+ Ke5 47.Kg5 Bf5 48.Rh4 Rg2+
49.Kh6 Rg3 50.a5 Rxh3 51.Rxh3 Bxh3 52.a6 d4 53.Rb5+ Kd6 54.Rb2 Bg4 55.Rb3 Bf5
56.Rf3 Bc8 57.a7 Bb7 58.Rf8 Ke5 59.Kg5  1-0